000 00989nam a2200277Ia 4500
003 OSt
005 20221005105455.0
006 a|||||r|||| 00| 0
007 ta
008 221004b |||||||| |||| 00| 0 hin d
020 _cINR 75.00
024 _a43204
037 _bIN-2306, 14/03/2019, Kitab Ghar Prakashan
_cTextual
040 _aCRL
_cCRL
_bhin
041 _2hin
_ahin
082 _aO152,6:g, N6
100 _aवर्मा, सुमन, ले.
245 0 _aपढ़ने की कोशिश
246 _aPaढ़ne kī koshisha
260 _aनई दिल्ली
_bभारतीय प्रकाशन संस्थान भारत
_c1996
300 _a99पृ0
_ccm.
650 _a हिन्दी साहित्य
650 _aहिन्दी निबंध
942 _hO152,6:g, N6
_cTEXL
_2cc
999 _c1015940
_d1015940